|
|
|
|
| LEADER |
00972nam a2200253 a 4500 |
| 001 |
13019745 |
| 008 |
090602s2004 njuab b 001 0 eng d |
| 010 |
|
|
|a 2002044549
|
| 020 |
|
|
|a 0130458058
|
| 040 |
|
|
|a DLC
|c DLC
|d DLC
|
| 082 |
0 |
0 |
|a 657/.3
|2 21
|
| 100 |
1 |
|
|a Fraser, Lyn M.
|
| 245 |
1 |
0 |
|a Understanding financial statements /
|c Lyn M. Fraser, Aileen Ormiston.
|
| 250 |
|
|
|a 7th ed.
|
| 260 |
|
|
|a Upper Saddle River, N.J. :
|b Prentice Hall,
|c c2004.
|
| 300 |
|
|
|a xvii, 262 p. :
|b ill., map ;
|c 24 cm.
|
| 504 |
|
|
|a Includes bibliographical references and index.
|
| 541 |
1 |
|
|e 00014788
|
| 650 |
|
0 |
|a Financial statements.
|
| 650 |
|
0 |
|a Corporation reports.
|
| 700 |
1 |
|
|a Ormiston, Aileen.
|
| 852 |
4 |
|
|a Ayesha Abed Library
|j General Shelf.
|
| 999 |
|
|
|c 1383
|d 1383
|
| 952 |
|
|
|0 0
|1 0
|2 ddc
|4 0
|6 657_300000000000000_FRA_2004
|7 0
|9 1263
|a BRACUL
|b BRACUL
|c GEN
|d 2009-06-25
|g 0.00
|l 1
|m 1
|o 657.3 FRA
|p 3010014788
|r 2014-02-10
|s 2014-02-03
|t 1
|w 2009-06-25
|y BK
|x No price found in the accession register.
|